Визуальная диагностическая оценка церебральной гемодинамики по реоэнцефалограмме; Медицинская техника; № 1

التفاصيل البيبلوغرافية
Parent link:Медицинская техника=Biomedical Engineering: научно-технический журнал.— , 1976-.— 0025-8075
№ 1.— 2004.— С. 23-29
المؤلف الرئيسي: Соколова И. В.
اللغة:الروسية
منشور في: 2004
سلاسل:Исследования, конструирование и технология
الموضوعات:
التنسيق: فصل الكتاب
KOHA link:https://koha.lib.tpu.ru/cgi-bin/koha/opac-detail.pl?biblionumber=391242

MARC

LEADER 00000naa2a2200000 4500
001 391242
005 20231101064048.0
035 |a (RuTPU)RU\TPU\prd\25327 
090 |a 391242 
100 |a 20040416a2004 k y0rusy50 ca 
101 0 |a rus 
102 |a RU 
200 1 |a Визуальная диагностическая оценка церебральной гемодинамики по реоэнцефалограмме  |f И. В. Соколова 
225 1 |a Исследования, конструирование и технология 
320 |a Библиогр.: 6 назв. 
461 1 |0 (RuTPU)RU\TPU\prd\1623  |x 0025-8075  |t Медицинская техника  |l Biomedical Engineering  |o научно-технический журнал  |d 1976- 
463 1 |0 (RuTPU)RU\TPU\prd\24443  |t № 1  |v С. 23-29  |d 2004 
610 1 |a диагностические оценки 
610 1 |a церебральная гемодинамика 
610 1 |a реоэнцефалограммы 
610 1 |a реография 
610 1 |a недостатки 
610 1 |a биосигналы 
610 1 |a пульсовое кровенаполнение 
610 1 |a двухкомпонентный анализ 
610 1 |a головной мозг 
610 1 |a кровообращение 
610 1 |a показатели 
675 |a 615.471.03:616.133.33-073.97  |v 3 
700 1 |a Соколова  |b И. В. 
801 1 |a RU  |b 63413507  |c 20040416  |g PSBO 
801 2 |a RU  |b 63413507  |c 20120914  |g RCR 
942 |c BK